| 000 | 00476nam a2200181 4500 | ||
|---|---|---|---|
| 003 | SEACOMEC | ||
| 005 | 20240105160232.0 | ||
| 008 | 240105b |||||||| |||| 00| 0 eng d | ||
| 020 | _c$7.50 | ||
| 040 | _aSEACOMEC | ||
| 082 |
_a534 _bF981 |
||
| 100 | _aKinsler,Lawrence E, | ||
| 245 | 1 |
_aFundamentals of acoustics _cLawrence E. Kinsler |
|
| 250 | _a4th ed. | ||
| 260 |
_aNew York _bJohn Wiley _c2000 |
||
| 650 | _aNatural sciences,Sound and related vibrations | ||
| 942 | _cBOOK | ||
| 999 |
_c421 _d421 |
||